Państwa na "D" - Statystyki

Ogólne statystyki
  • Ten quiz został rozwiązany 70 razy
  • Średni wynik to 4 z 5
Statystyki odpowiedzi
Państwo % Poprawnych
Dania
98%
Dominika
81%
Dominikana
78%
Dżibuti
58%
Demokratyczna RepublikaKonga
56%
Nie znaleziono quizów pasujących do podanych kryteriów
Rozkład punktacji
Procent ludzi z każdym wynikiem
Percentyl według liczby udzielonych odpowiedzi
Twoja historia wyników
Nie rozwiązałeś tego quizu